Voice for the voiceless: (Record no. 155342)

MARC details
000 -LEADER
fixed length control field 00572nam a22001817a 4500
005 - DATE AND TIME OF LATEST TRANSACTION
control field 20180803121556.0
010 ## - LCCN (DPL NO)
LC control number ENG-123670
020 ## - INTERNATIONAL STANDARD BOOK NUMBER
Terms of availability 50.00
International Standard Book Number 9789387871373
035 ## - SYSTEM CONTROL NUMBER
System control number EN-107202
037 ## - SOURCE OF ACQUISITION
Source of stock number/acquisition DBAD/PUB
082 ## - DEWEY DECIMAL CLASSIFICATION NUMBER
Classification number 881
100 ## - MAIN ENTRY--PERSONAL NAME
Personal name Thamodaran N.
245 ## - TITLE STATEMENT
Title Voice for the voiceless:
Statement of responsibility, etc by N. Thamodaran N. [and] S. sivaKarthick
Remainder of title a pile of po-quote /
260 ## - PUBLICATION, DISTRIBUTION, ETC. (IMPRINT)
Place of publication, distribution, etc Madurai
Name of publisher, distributor, etc Shanlax Publications
Date of publication, distribution, etc 2018
270 ## - ADDRESS
Address 61, 66 T.P.K Main Road Vasantha Nagar
City Madurai
Postal code 625003
300 ## - PHYSICAL DESCRIPTION
Extent 40p. :
Dimensions 21cm(pbk)
942 ## - ADDED ENTRY ELEMENTS (KOHA)
Source of classification or shelving scheme Dewey Decimal Classification
Item type English Books
Classification part 881
Call number suffix THA
Holdings
Withdrawn status Lost status Not for loan Collection code Home library Current library Date acquired Source of acquisition Cost, normal purchase price Full call number Barcode Copy number Cost, replacement price Koha item type
      Non-fiction Shahdara Branch Shahdara Branch 03/08/2018 DBAD/PUB 50.00 881 THA EN-107202 1 50.00 English Books

© Delhi Public Library
Hit Counter
free hit counter